[Event "Rio Claro IRT U2200 4th"]
[Site "Rio Claro"]
[Date "2016.02.21"]
[Round "5.6"]
[White "Briceno, Julio Cesar Colivet"]
[Black "Dutra, Liliam Guedes"]
[Result "1-0"]
[WhiteElo "1827"]
[BlackElo "1587"]
[PlyCount "93"]
[EventDate "2016.02.20"]
[EventType "swiss"]
[EventRounds "5"]
[EventCountry "BRA"]
[SourceTitle "EXT 2022"]
[Source "ChessBase"]
[SourceDate "2021.10.06"]
[SourceVersion "1"]
[SourceVersionDate "2021.10.06"]
[SourceQuality "1"]

1. Nf3 Nf6 2. c4 e6 3. g3 d5 4. b3 Nbd7 5. Bg2 Be7 6. Bb2 0-0 7. 0-0 c5 8. cxd5 exd5 9. d4 Re8 10. dxc5 Nxc5 11. Nbd2 Be6 12. Rc1 Nce4 13. Nd4 Nxd2 14. Nxe6 fxe6 15. Qxd2 Nd7 16. e4 Nb6 17. exd5 Qd6 18. Rfe1 e5 19. Qe3 Bf6 20. Qc5 Qxc5 21. Rxc5 Rac8 22. Rec1 e4 23. Rxc8 Nxc8 24. Bxf6 gxf6 25. Bxe4 Rxe4 26. Rxc8+ Kg7 27. Rc7+ Kg6 28. d6 Rd4 29. d7 h5 30. h4 f5 31. Rxb7 a5 32. a3 Kf6 33. b4 axb4 34. axb4 Ke7 35. Kg2 Kd8 36. Rb5 f4 37. Rxh5 fxg3 38. fxg3 Rxb4 39. Rh7 Rb7 40. h5 Rb2+ 41. Kh3 Re2 42. g4 Re3+ 43. Kh4 Re1 44. h6 Rh1+ 45. Kg5 Rd1 46. Rg7 Rd5+ 47. Kh4 1-0

[Event "Batatais op 2nd"]
[Site "Batatais"]
[Date "2015.01.18"]
[Round "5"]
[White "Briceno, Julio Cesar Colivet"]
[Black "Dias, Matheus Nunes"]
[Result "1-0"]
[WhiteElo "1800"]
[BlackElo "1633"]
[PlyCount "95"]
[EventDate "2015.01.17"]
[EventType "swiss"]
[EventRounds "5"]
[EventCountry "BRA"]
[SourceTitle "CBM 164 Extra"]
[Source "ChessBase"]
[SourceDate "2015.03.02"]
[SourceVersion "1"]
[SourceVersionDate "2015.03.02"]
[SourceQuality "1"]

1. Nf3 e6 2. c4 Nf6 3. g3 g6 4. b3 Bg7 5. Bb2 0-0 6. Bg2 d6 7. 0-0 Nc6 8. d4 d5 9. Nbd2 Ne4 10. Rc1 Re8 11. Ne5 Nxd2 12. Nxc6 bxc6 13. Qxd2 Ba6 14. Rfd1 Qe7 15. Qa5 Bb7 16. Ba3 Qd7 17. Bh3 f5 18. e3 Bf8 19. cxd5 exd5 20. Bxf8 Rxf8 21. Rc5 Rf6 22. Rdc1 Rd6 23. Bf1 a6 24. Qb4 Ra7 25. Ra5 Bc8 26. Qa3 g5 27. Bxa6 Bxa6 28. Rxa6 Rxa6 29. Qxa6 f4 30. exf4 gxf4 31. Qe2 Rg6 32. Re1 fxg3 33. hxg3 Qh3 34. Qf3 Re6 35. Rxe6 Qxe6 36. Qe3 Qg6 37. a4 Qb1+ 38. Kg2 Kf7 39. g4 Qg6 40. Qf4+ Ke8 41. Qf5 Qd6 42. Qe5+ Qxe5 43. dxe5 c5 44. Kf1 c4 45. bxc4 dxc4 46. Ke2 Ke7 47. Kd2 Ke6 48. f4 1-0

[Event "Batatais op 2nd"]
[Site "Batatais"]
[Date "2015.01.17"]
[Round "1"]
[White "Briceno, Julio Cesar Colivet"]
[Black "De Oliveira, Francemir Barra"]
[Result "0-1"]
[WhiteElo "1800"]
[BlackElo "1812"]
[PlyCount "53"]
[EventDate "2015.01.17"]
[EventType "swiss"]
[EventRounds "5"]
[EventCountry "BRA"]
[SourceTitle "CBM 164 Extra"]
[Source "ChessBase"]
[SourceDate "2015.03.02"]
[SourceVersion "1"]
[SourceVersionDate "2015.03.02"]
[SourceQuality "1"]

1. Nf3 Nf6 2. c4 d6 3. g3 Bg4 4. Bg2 c6 5. Nc3 Qd7 6. Qb3 Na6 7. d4 0-0-0 8. h3 Bh5 9. Be3 Kb8 10. g4 Bg6 11. Nh4 e6 12. Bf4 Ka8 13. Bg3 d5 14. Nxg6 hxg6 15. c5 Rc8 16. a3 Be7 17. Qc2 Bd8 18. b4 Bc7 19. Bxc7 Qxc7 20. b5 cxb5 21. 0-0 Nxg4 22. Rfb1 Rxh3 23. e4 Rh1+ 24. Bxh1 Qh2+ 25. Kf1 Ne3+ 26. fxe3 Qxc2 27. Nxb5 0-1